| 000 | 01002nam a2200241 a 4500 | ||
|---|---|---|---|
| 001 | 38312 | ||
| 003 | BD-RjUL | ||
| 005 | 20211209052753.0 | ||
| 008 | 160508s2006 bg a|||| |||| 00| 0 ben d | ||
| 020 |
_a9840745131 _c: Tk. 70.00 |
||
| 035 | _a(BD-RjUL) 38417 | ||
| 040 |
_aBD-RjUL _bben _cBD-RjUL |
||
| 041 | _aben | ||
| 082 |
_223 _a294.30954926 _bKHP 2006 |
||
| 100 |
_aখান, আবদুল মাবুদ _9118419 |
||
| 245 | 1 | 0 |
_aপটুয়াখালী ও বরগুনা জেলার বৌদ্ধ সম্প্রদায় / _cআবদুল মাবুদ খান |
| 260 |
_aঢাকা : _bবাংলা একাডেমী, _c২০০৬ |
||
| 300 |
_a১৩২ পৃ. : _bচিত্র ; _c২২ সেমি. |
||
| 504 | _aIncludes bibliography | ||
| 650 |
_aবৌদ্ধধর্ম _xইতিহাস _zবরিশাল _zবাংলাদেশ _9125150 |
||
| 650 |
_aBuddhism _xHistory _zBarisal _zBangladesh _9125151 |
||
| 942 |
_2ddc _cBK _01 |
||
| 999 |
_c38312 _d38312 |
||